| 000 | 01234nam a2200325 a 4500 | ||
|---|---|---|---|
| 001 | 000110070 | ||
| 003 | CHAP | ||
| 005 | 20220329144117.0 | ||
| 008 | 140721s2014 mx sm |||||||spa d | ||
| 010 | _a106532 | ||
| 011 | _a107504 | ||
| 040 | _cCHAP | ||
| 090 | _aTesis | ||
| 100 | 1 |
_aSánchez Cortés, Liliana _9127480 |
|
| 245 | 1 | 0 |
_aAnálisis de factibilidad técnica y financiera de la producción de chile manzano bajo invernadero _h[En línea] _cLiliana Sánchez Cortés. |
| 260 |
_aChapingo, Méx. : _bEl autor, _c2014. |
||
| 500 | _aPara ver el contenido del material haga clic en la liga | ||
| 502 | _aTesis (Lic. en Comercio Internacional de Productos Agropecuarios) -- UACH. División de Ciencias Económico Administrativas, | ||
| 590 |
_aBATCH-UPD _b05 _c20141002 _lUCH01 _h0905 |
||
| 590 |
_aE5995AHE _b05 _c20140721 _lUCH01 _h1026 |
||
| 590 |
_aE5995AHE _b05 _c20140721 _lUCH01 _h1027 |
||
| 590 |
_aE5995AHE _b05 _c20140721 _lUCH01 _h1039 |
||
| 650 | 1 | 4 |
_aChile manzano. _922444 |
| 650 | 1 | 4 |
_aChile manzano _xCostos de producción. _922448 |
| 650 | 1 | 4 |
_aCultivos en invernadero. _930376 |
| 856 |
_aFinding aid _uhttp://10.13.5.2/tesis/sist110070.pdf _zTeclea aquí |
||
| 901 | _aBK | ||
| 942 | _cTESIS | ||
| 942 | _n0 | ||
| 999 |
_c106532 _d106532 |
||